[Event "Hong Kong-ch prel"]
[Site "Hong Kong"]
[Date "2018.03.26"]
[Round "11"]
[White "Lai, Robin"]
[Black "Wong, Ching Chi"]
[Result "1-0"]
[WhiteElo "1854"]
[BlackElo "1919"]
[PlyCount "103"]
[EventDate "2018.01.08"]
[EventType "swiss"]
[EventRounds "11"]
[EventCountry "HKG"]
[SourceTitle "EXT 2019"]
[Source "ChessBase"]
[SourceDate "2018.10.10"]
[SourceVersion "1"]
[SourceVersionDate "2018.10.10"]
[SourceQuality "1"]

1. Nf3 c5 2. c4 Nc6 3. Nc3 Nf6 4. g3 d5 5. cxd5 Nxd5 6. Bg2 Nc7 7. 0-0 e5 8. d3 Be7 9. Be3 Rb8 10. Rc1 0-0 11. a3 b6 12. Nd2 Nd4 13. Nc4 Bf6 14. Ne4 Bg4 15. f3 Be6 16. f4 Bxc4 17. dxc4 Nce6 18. f5 Nc7 19. g4 h6 20. Rc3 Ne8 21. Qd2 Bg5 22. Bxg5 hxg5 23. Rd3 Nd6 24. Nxd6 Qxd6 25. e3 Qf6 26. exd4 exd4 27. h4 gxh4 28. g5 Qd6 29. Qf2 Rfe8 30. Qxh4 Re3 31. Rxe3 dxe3 32. Re1 Qd2 33. g6 Kf8 34. Bd5 e2 35. gxf7 Qxb2 36. Qf2 Qxa3 37. Rxe2 Qc1+ 38. Kg2 Qg5+ 39. Kf1 Qc1+ 40. Re1 Qc3 41. Qh4 Qd3+ 42. Kg1 Qd4+ 43. Qxd4 cxd4 44. Rd1 a5 45. Rxd4 a4 46. Rd3 b5 47. cxb5 Rxb5 48. Kf2 a3 49. Ke3 a2 50. Bxa2 Rxf5 51. Rd8+ Ke7 52. Re8+ 1-0

[Event "Hong Kong-ch prel"]
[Site "Hong Kong"]
[Date "2018.02.26"]
[Round "7"]
[White "Lai, Robin"]
[Black "Pang, Yui Kuen"]
[Result "1/2-1/2"]
[WhiteElo "1854"]
[BlackElo "1960"]
[PlyCount "59"]
[EventDate "2018.01.08"]
[EventType "swiss"]
[EventRounds "11"]
[EventCountry "HKG"]
[SourceTitle "EXT 2019"]
[Source "ChessBase"]
[SourceDate "2018.10.10"]
[SourceVersion "1"]
[SourceVersionDate "2018.10.10"]
[SourceQuality "1"]

1. Nf3 c5 2. g3 Nc6 3. Bg2 g6 4. c4 Bg7 5. Nc3 d6 6. 0-0 e5 7. d3 Nge7 8. e4 0-0 9. Nh4 Nd4 10. Bg5 h6 11. Bxe7 Qxe7 12. Nd5 Qd8 13. h3 Rb8 14. Nf3 Nc6 15. a3 b5 16. cxb5 Rxb5 17. Qa4 a6 18. b4 cxb4 19. Rfc1 Bb7 20. axb4 Qd7 21. Rc4 Rc8 22. Rac1 Kh7 23. Nh2 Qd8 24. Ng4 Nd4 25. Rxc8 Bxc8 26. Qd1 Bb7 27. Nge3 Bxd5 28. Nxd5 a5 29. bxa5 Rxa5 30. Ra1 1/2-1/2

[Event "Hong Kong-ch prel"]
[Site "Hong Kong"]
[Date "2018.01.08"]
[Round "1"]
[White "Lai, Robin"]
[Black "Lam, Chun Yung Samuel"]
[Result "1-0"]
[WhiteElo "1854"]
[BlackElo "1137"]
[PlyCount "59"]
[EventDate "2018.01.08"]
[EventType "swiss"]
[EventRounds "11"]
[EventCountry "HKG"]
[SourceTitle "EXT 2019"]
[Source "ChessBase"]
[SourceDate "2018.10.10"]
[SourceVersion "1"]
[SourceVersionDate "2018.10.10"]
[SourceQuality "1"]

1. Nf3 d5 2. g3 Nf6 3. c4 c6 4. Bg2 e6 5. cxd5 cxd5 6. Nc3 Be7 7. 0-0 0-0 8. d4 Nc6 9. Bf4 Ne4 10. Rc1 Qb6 11. Nxe4 dxe4 12. Ne5 Nxe5 13. Bxe5 f6 14. Bc7 Qxb2 15. Rc2 Qb4 16. Bxe4 Bd7 17. Qd3 f5 18. Bf3 Bb5 19. Qe3 Bc4 20. Rfc1 b5 21. Rxc4 bxc4 22. Qxe6+ Kh8 23. Bxa8 Rxa8 24. Rxc4 Qb1+ 25. Kg2 Qxa2 26. Be5 Qb1 27. Bxg7+ Kxg7 28. Qxe7+ Kg8 29. Qe6+ Kg7 30. Rc7+ 1-0

[Event "Hong Kong-chT"]
[Site "Hong Kong"]
[Date "2017.04.24"]
[Round "3.2"]
[White "Lai, Robin"]
[Black "Yu, Peter"]
[Result "1-0"]
[WhiteElo "1871"]
[BlackElo "2247"]
[PlyCount "97"]
[EventDate "2017.04.03"]
[EventType "team-swiss"]
[EventRounds "7"]
[EventCountry "HKG"]
[SourceTitle "CBM 178 Extra"]
[Source "ChessBase"]
[SourceDate "2017.06.22"]
[SourceVersion "1"]
[SourceVersionDate "2017.06.22"]
[SourceQuality "1"]
[WhiteTeam "Hong Kong Chess Academy"]
[BlackTeam "Team Yu"]
[WhiteTeamCountry "HKG"]
[BlackTeamCountry "HKG"]

1. d4 Nf6 2. Bg5 e6 3. e4 d5 4. Nd2 h6 5. Bxf6 Qxf6 6. e5 Qd8 7. Ngf3 c5 8. c3 Nc6 9. Bb5 Bd7 10. 0-0 Nxe5 11. Nxe5 Bxb5 12. Re1 cxd4 13. c4 Bc6 14. Nxc6 bxc6 15. Qa4 Qd7 16. cxd5 cxd5 17. Qxd4 f6 18. Nf3 Kf7 19. Qg4 Bc5 20. b4 Bb6 21. a4 Rhe8 22. a5 Bc7 23. Rac1 Kg8 24. Nd4 Be5 25. Nc6 Bb2 26. Rc2 Rac8 27. b5 Ba3 28. Rce2 Kf7 29. Qh5+ Kg8 30. Qh3 Bc5 31. Rxe6 Rxe6 32. Qxe6+ Qxe6 33. Rxe6 Kf7 34. Re2 Re8 35. Kf1 Re4 36. Rxe4 dxe4 37. Nxa7 Ke6 38. Nc6 Kd7 39. Ke2 Kc7 40. h4 h5 41. f3 exf3+ 42. Kxf3 g6 43. g4 hxg4+ 44. Kxg4 Be3 45. Ne7 Bd2 46. Nxg6 Bxa5 47. h5 f5+ 48. Kxf5 Kb6 49. h6 1-0

[Event "Hong Kong-ch prel"]
[Site "Hong Kong"]
[Date "2017.03.20"]
[Round "10"]
[White "Lai, Robin"]
[Black "Oh, Benjamin Yao Teng"]
[Result "0-1"]
[WhiteElo "1899"]
[BlackElo "1808"]
[PlyCount "88"]
[EventDate "2017.01.09"]
[EventType "swiss"]
[EventRounds "11"]
[EventCountry "HKG"]
[SourceTitle "EXT 2018"]
[Source "ChessBase"]
[SourceDate "2017.10.13"]
[SourceVersion "1"]
[SourceVersionDate "2017.10.13"]
[SourceQuality "1"]

1. b3 g6 2. Bb2 Nf6 3. e3 Bg7 4. f4 d6 5. Nf3 c5 6. Bb5+ Bd7 7. Bxd7+ Qxd7 8. 0-0 Nc6 9. a3 0-0 10. Qe1 Rfe8 11. d3 Rad8 12. Nbd2 a6 13. Rb1 Qc7 14. Ng5 h6 15. Nge4 Nxe4 16. Nxe4 Bxb2 17. Rxb2 f5 18. Qg3 Kh7 19. Nd2 Qa5 20. Nf3 Qxa3 21. Rbb1 Qa5 22. Qh4 Kg7 23. Qg3 Qc3 24. Nh4 Qf6 25. Rbe1 e6 26. Rf3 Kh7 27. Qh3 Rg8 28. Rg3 e5 29. Rf1 Ne7 30. fxe5 dxe5 31. e4 f4 32. Rg4 g5 33. Nf3 Rg6 34. Nd2 Kg7 35. Nc4 h5 36. Rg3 b5 37. Nd2 Qd6 38. Qxh5 fxg3 39. hxg3 Qd4+ 40. Rf2 Rf8 41. Nf3 Qe3 42. Qg4 Nc6 43. Qd7+ Rf7 44. Qd5 g4 0-1

[Event "Hong Kong-ch prel"]
[Site "Hong Kong"]
[Date "2017.03.06"]
[Round "8"]
[White "Lai, Robin"]
[Black "Luk, Luen Wah"]
[Result "0-1"]
[WhiteElo "1899"]
[BlackElo "1967"]
[PlyCount "88"]
[EventDate "2017.01.09"]
[EventType "swiss"]
[EventRounds "11"]
[EventCountry "HKG"]
[SourceTitle "EXT 2018"]
[Source "ChessBase"]
[SourceDate "2017.10.13"]
[SourceVersion "1"]
[SourceVersionDate "2017.10.13"]
[SourceQuality "1"]

1. b3 e5 2. Bb2 Nc6 3. e3 d5 4. Bb5 Bd6 5. Nc3 a6 6. Bxc6+ bxc6 7. d4 e4 8. Qd2 Nf6 9. 0-0-0 Qe7 10. f3 Bb4 11. Nge2 0-0 12. Ng3 a5 13. a4 Rb8 14. Qf2 Ba3 15. Nb1 Bxb2+ 16. Kxb2 c5 17. dxc5 Qxc5 18. Nc3 exf3 19. gxf3 Re8 20. Rd4 Rb4 21. Rhd1 c6 22. Na2 Rxd4 23. Rxd4 Qe7 24. Rd3 Qe5+ 25. Kb1 Ba6 26. Rc3 Bb7 27. Qd2 Nd7 28. f4 Qe6 29. Nc1 c5 30. Nce2 Ba6 31. Nc1 Rb8 32. e4 d4 33. Rf3 Nf6 34. e5 Nd5 35. Ne4 Qc6 36. Qxa5 Nc3+ 37. Rxc3 dxc3 38. Nxc5 Bb5 39. Qxc3 Bxa4 40. Nxa4 Qxa4 41. Nd3 Qe4 42. Qc7 Ra8 43. Kb2 Qd4+ 44. Qc3 Ra2+ 0-1

[Event "Hong Kong-ch prel"]
[Site "Hong Kong"]
[Date "2017.02.27"]
[Round "7"]
[White "Ng, Alfred Chun Hei"]
[Black "Lai, Robin"]
[Result "1-0"]
[WhiteElo "1667"]
[BlackElo "1899"]
[PlyCount "77"]
[EventDate "2017.01.09"]
[EventType "swiss"]
[EventRounds "11"]
[EventCountry "HKG"]
[SourceTitle "EXT 2018"]
[Source "ChessBase"]
[SourceDate "2017.10.13"]
[SourceVersion "1"]
[SourceVersionDate "2017.10.13"]
[SourceQuality "1"]

1. Nf3 Nf6 2. g3 d5 3. Bg2 c6 4. d3 Bg4 5. Nbd2 Nbd7 6. 0-0 e5 7. e4 Be7 8. Qe1 Qc7 9. h3 Bxf3 10. Nxf3 0-0 11. Nh4 Rfe8 12. f4 dxe4 13. dxe4 Rad8 14. Kh1 Qb6 15. a3 Bf8 16. f5 Qb5 17. b4 Nb6 18. Bg5 Be7 19. Nf3 h6 20. Bd2 Nc4 21. Bc3 Bf8 22. Rf2 Nb6 23. a4 Nxa4 24. Bf1 Qb6 25. Rxa4 Rd1 26. Qxd1 Qxf2 27. Qe2 Qxg3 28. Rxa7 Nh5 29. Bd2 Nf4 30. Bxf4 exf4 31. Rxb7 Ra8 32. Qg2 Ra2 33. Qxg3 fxg3 34. Bd3 Rb2 35. Kg2 Bxb4 36. e5 c5 37. e6 fxe6 38. fxe6 c4 39. Rb8+ 1-0

[Event "Hong Kong-chT"]
[Site "Hong Kong"]
[Date "2016.05.09"]
[Round "7.2"]
[White "Garceran Nieuwenburg, David"]
[Black "Lai, Robin"]
[Result "0-1"]
[WhiteElo "1764"]
[BlackElo "1899"]
[PlyCount "88"]
[EventDate "2016.03.31"]
[EventType "team-swiss"]
[EventRounds "7"]
[EventCountry "HKG"]
[SourceTitle "EXT 2017"]
[Source "ChessBase"]
[SourceDate "2016.10.25"]
[SourceVersion "1"]
[SourceVersionDate "2016.10.25"]
[SourceQuality "1"]
[WhiteTeam "Caissa"]
[BlackTeam "Hong Kong Chess Academy"]
[WhiteTeamCountry "HKG"]
[BlackTeamCountry "HKG"]

1. d4 Nf6 2. c4 g6 3. Bg5 Bg7 4. Nc3 d6 5. h3 Nbd7 6. Nf3 h6 7. Bf4 Nh5 8. Bh2 0-0 9. g4 Nhf6 10. Bg2 c5 11. e3 Qb6 12. Qb3 cxd4 13. Nxd4 e5 14. Qxb6 Nxb6 15. Ndb5 Ne8 16. Nd5 Nxd5 17. Bxd5 a6 18. Nc3 Rb8 19. Rd1 Kh7 20. e4 f5 21. f3 f4 22. Bg1 b6 23. Na4 Bb7 24. Nxb6 Bxd5 25. Rxd5 Rf7 26. a4 Rfb7 27. a5 Bf8 28. Bf2 Ng7 29. Ke2 Ne6 30. b4 Be7 31. Rhd1 Kg7 32. R5d3 Bf8 33. b5 axb5 34. a6 Rxb6 35. a7 bxc4 36. R3d2 Nd4+ 37. Bxd4 exd4 38. axb8Q d3+ 39. Ke1 Rxb8 40. Ra2 Be7 41. Rc1 Rc8 42. Kd2 d5 43. exd5 Bb4+ 44. Kd1 c3 0-1

[Event "Hong Kong-ch prel"]
[Site "Hong Kong"]
[Date "2016.03.14"]
[Round "10"]
[White "Deng, Yu Dong Michael"]
[Black "Lai, Robin"]
[Result "0-1"]
[WhiteElo "1738"]
[BlackElo "1912"]
[PlyCount "88"]
[EventDate "2016.01.04"]
[EventType "swiss"]
[EventRounds "11"]
[EventCountry "HKG"]
[SourceTitle "EXT 2017"]
[Source "ChessBase"]
[SourceDate "2016.10.25"]
[SourceVersion "1"]
[SourceVersionDate "2016.10.25"]
[SourceQuality "1"]

1. d4 d5 2. c4 e5 3. dxe5 d4 4. Nf3 Nc6 5. g3 Be6 6. Nbd2 a5 7. Bg2 a4 8. 0-0 Nge7 9. Ng5 Bc8 10. f4 h6 11. Nge4 Nf5 12. Nf3 Be6 13. g4 Nh4 14. h3 Nxg2 15. Kxg2 Bxc4 16. Ng3 Qd5 17. e4 Bxf1+ 18. Qxf1 Qd7 19. f5 0-0-0 20. Bf4 d3 21. Qd1 Nb4 22. Qd2 Qb5 23. e6 Nc2 24. Qc3 Qc5 25. Rd1 Qxc3 26. bxc3 fxe6 27. fxe6 g6 28. Kh2 Bg7 29. Ne5 Bxe5 30. Bxe5 Rhe8 31. e7 Rd7 32. Bf6 Ne3 33. Rd2 Nc4 34. Rd1 d2 35. Nf1 Rd3 36. Kg2 Kd7 37. Kf2 Rxe7 38. Bxe7 Kxe7 39. Ke2 Rxh3 40. Rb1 b6 41. Rb4 Rxc3 42. Nxd2 Nxd2 43. Kxd2 Ra3 44. Rb2 Rg3 0-1

[Event "Hong Kong-ch prel"]
[Site "Hong Kong"]
[Date "2016.02.29"]
[Round "8"]
[White "Dew, Brian"]
[Black "Lai, Robin"]
[Result "1-0"]
[WhiteElo "2226"]
[BlackElo "1912"]
[PlyCount "99"]
[EventDate "2016.01.04"]
[EventType "swiss"]
[EventRounds "11"]
[EventCountry "HKG"]
[SourceTitle "EXT 2017"]
[Source "ChessBase"]
[SourceDate "2016.10.25"]
[SourceVersion "1"]
[SourceVersionDate "2016.10.25"]
[SourceQuality "1"]

1. e4 b6 2. d4 Bb7 3. Nc3 e6 4. a3 c5 5. Nf3 Nf6 6. e5 cxd4 7. Nb5 Ne4 8. Nbxd4 Be7 9. Bd3 f5 10. exf6 Nxf6 11. 0-0 0-0 12. Bg5 Nc6 13. Bh4 Nxd4 14. Nxd4 Ne4 15. Bxe7 Qxe7 16. Qh5 Qc5 17. Qxc5 bxc5 18. Nb3 Rac8 19. Na5 Ba8 20. f3 Nd6 21. Rfd1 Nb7 22. Nxb7 Bxb7 23. Bb5 Bc6 24. Bxc6 dxc6 25. Rd6 Rfd8 26. Rad1 Rxd6 27. Rxd6 Kf7 28. Rd7+ Kf6 29. Rxa7 Rd8 30. Rc7 Rd1+ 31. Kf2 Rd2+ 32. Kg3 Rxc2 33. Rxc6 Ke5 34. a4 Kd5 35. Rb6 Rc4 36. b3 Rc2 37. Rb7 Rb2 38. Rd7+ Kc6 39. Rd3 Kb6 40. Rc3 Rd2 41. Re3 Rd6 42. Kf4 Ka5 43. Ke5 Rd2 44. Kxe6 Kb4 45. g4 Rxh2 46. f4 Rg2 47. g5 h6 48. gxh6 gxh6 49. f5 Rg8 50. Kf7 1-0

[Event "Hong Kong-ch prel"]
[Site "Hong Kong"]
[Date "2016.01.11"]
[Round "2"]
[White "Scott, Ian"]
[Black "Lai, Robin"]
[Result "0-1"]
[WhiteElo "1665"]
[BlackElo "1912"]
[PlyCount "98"]
[EventDate "2016.01.04"]
[EventType "swiss"]
[EventRounds "11"]
[EventCountry "HKG"]
[SourceTitle "EXT 2017"]
[Source "ChessBase"]
[SourceDate "2016.10.25"]
[SourceVersion "1"]
[SourceVersionDate "2016.10.25"]
[SourceQuality "1"]

1. e4 c6 2. Nc3 d5 3. Nf3 dxe4 4. Nxe4 Nf6 5. Qe2 Bf5 6. Nxf6+ gxf6 7. d4 e6 8. c3 Nd7 9. Nh4 Bg6 10. Nxg6 hxg6 11. Bf4 Qa5 12. Qc2 0-0-0 13. Be2 e5 14. b4 Qd5 15. Bf3 e4 16. Be2 Bd6 17. Bxd6 Qxd6 18. g3 f5 19. 0-0-0 Qe7 20. Kb2 Nb6 21. a4 e3 22. f3 Nd5 23. Qb3 Rd7 24. Rde1 Rhd8 25. Bc4 Re8 26. Re2 g5 27. Bxd5 Rxd5 28. f4 gxf4 29. gxf4 Qh4 30. Rf1 Re4 31. b5 Rxf4 32. bxc6 bxc6 33. Rfe1 Rf2 34. Qc4 Kc7 35. Qa6 Qxh2 36. Qxa7+ Kd8 37. Qa8+ Ke7 38. Qa6 Rb5+ 39. axb5 Rxe2+ 40. Rxe2 Qxe2+ 41. Ka3 Qxb5 42. Qc8 Qa5+ 43. Kb3 Qd5+ 44. Kb2 e2 45. Qc7+ Kf6 46. Qg3 Qe4 47. Qe1 f4 48. Qh4+ Ke6 49. Qe1 f3 0-1

[Event "Hong Kong op"]
[Site "Hong Kong"]
[Date "2015.10.04"]
[Round "8"]
[White "Xu, Yuze"]
[Black "Lai, Robin"]
[Result "1/2-1/2"]
[WhiteElo "1717"]
[BlackElo "1931"]
[PlyCount "98"]
[EventDate "2015.10.01"]
[EventType "swiss"]
[EventRounds "9"]
[EventCountry "HKG"]
[SourceTitle "CBM 168 Extra"]
[Source "ChessBase"]
[SourceDate "2015.10.29"]
[SourceVersion "1"]
[SourceVersionDate "2015.10.29"]
[SourceQuality "1"]

1. d4 d5 2. c4 e5 3. e3 exd4 4. exd4 Nc6 5. c5 g6 6. Bb5 Bd7 7. Nc3 a6 8. Ba4 Bg7 9. Nf3 Nge7 10. Bg5 f6 11. Be3 0-0 12. 0-0 Be6 13. Re1 Bf7 14. a3 g5 15. Bc2 Ng6 16. Nd2 Qd7 17. Ne2 h6 18. Ng3 Nce7 19. Qb1 Nh4 20. f4 Be6 21. Rf1 Nef5 22. Qe1 Nxe3 23. Qxe3 Rae8 24. Qd3 f5 25. a4 a5 26. fxg5 hxg5 27. Nf3 Bf6 28. Nxh4 gxh4 29. Nxf5 Bxf5 30. Rxf5 Qxf5 31. Qxf5 Bxd4+ 32. Kh1 Rxf5 33. Bxf5 Bxc5 34. g3 hxg3 35. hxg3 Be3 36. Rd1 d4 37. Bd3 c5 38. b3 Kg7 39. Kg2 Rf8 40. Rf1 Rxf1 41. Bxf1 Kf6 42. Kf3 Ke5 43. Bc4 b6 44. g4 Bg5 45. Ke2 Kf4 46. Kd3 Kxg4 47. Bb5 Kf4 48. Bc4 Bh4 49. Bb5 Bf2 1/2-1/2

[Event "Hong Kong op"]
[Site "Hong Kong"]
[Date "2015.10.04"]
[Round "7"]
[White "Ye, Qianqian"]
[Black "Lai, Robin"]
[Result "1/2-1/2"]
[WhiteElo "1869"]
[BlackElo "1931"]
[PlyCount "76"]
[EventDate "2015.10.01"]
[EventType "swiss"]
[EventRounds "9"]
[EventCountry "HKG"]
[SourceTitle "CBM 168 Extra"]
[Source "ChessBase"]
[SourceDate "2015.10.29"]
[SourceVersion "1"]
[SourceVersionDate "2015.10.29"]
[SourceQuality "1"]

1. e4 g6 2. g3 Bg7 3. Bg2 d6 4. d4 Nf6 5. Nc3 0-0 6. Nge2 c6 7. 0-0 e5 8. dxe5 dxe5 9. Qxd8 Rxd8 10. f3 Be6 11. Be3 Nbd7 12. Na4 Bf8 13. b3 b5 14. Nb2 Bc5 15. Kf2 Ba3 16. Nd1 a5 17. Ndc3 Bc5 18. h3 Bxe3+ 19. Kxe3 Nb6 20. f4 b4 21. Nd1 a4 22. Nf2 c5 23. fxe5 Nfd7 24. Nd3 c4 25. Nxb4 cxb3 26. axb3 axb3 27. cxb3 Rxa1 28. Rxa1 Bxb3 29. Nd5 Nxd5+ 30. exd5 Nxe5 31. Kd4 Nc6+ 32. Kc5 Ne7 33. Nc3 Rc8+ 34. Kb4 Rb8+ 35. Kc5 Rc8+ 36. Kb4 Rb8+ 37. Kc5 Rc8+ 38. Kb4 Rb8+ 1/2-1/2

[Event "Hong Kong op"]
[Site "Hong Kong"]
[Date "2015.10.02"]
[Round "3"]
[White "Lai, Robin"]
[Black "Brown, Geoffrey M"]
[Result "1-0"]
[WhiteElo "1931"]
[BlackElo "1719"]
[PlyCount "79"]
[EventDate "2015.10.01"]
[EventType "swiss"]
[EventRounds "9"]
[EventCountry "HKG"]
[SourceTitle "CBM 168 Extra"]
[Source "ChessBase"]
[SourceDate "2015.10.29"]
[SourceVersion "1"]
[SourceVersionDate "2015.10.29"]
[SourceQuality "1"]

1. d4 e6 2. g3 f5 3. Bg2 Nf6 4. c4 Be7 5. Nc3 0-0 6. Nh3 Qe8 7. 0-0 d6 8. Bg5 h6 9. Bxf6 Bxf6 10. e4 fxe4 11. Nxe4 Nc6 12. Nxf6+ Rxf6 13. Nf4 Bd7 14. d5 Nd8 15. dxe6 Nxe6 16. Re1 g5 17. Nd5 Qf7 18. Nxf6+ Qxf6 19. Bd5 Kg7 20. Qe2 Re8 21. Qd2 Nd4 22. Rxe8 Bxe8 23. Rd1 c5 24. Qe3 Bh5 25. Rd2 b6 26. f4 g4 27. Kf2 Bg6 28. b4 h5 29. bxc5 dxc5 30. Qe5 Qxe5 31. fxe5 Bf5 32. Ke3 Bb1 33. Be4 Bxe4 34. Kxe4 Kf7 35. Rxd4 cxd4 36. Kxd4 Ke7 37. Kd5 Kd7 38. e6+ Ke7 39. a4 Ke8 40. Kc6 1-0

[Event "Hong Kong-ch prel"]
[Site "Hong Kong"]
[Date "2015.02.09"]
[Round "6"]
[White "Masters, Christopher"]
[Black "Lai, Robin"]
[Result "1/2-1/2"]
[WhiteElo "1854"]
[BlackElo "1908"]
[PlyCount "37"]
[EventDate "2015.01.05"]
[EventType "swiss"]
[EventRounds "9"]
[EventCountry "HKG"]
[SourceTitle "EXT 2016"]
[Source "ChessBase"]
[SourceDate "2015.10.08"]
[SourceVersion "1"]
[SourceVersionDate "2015.10.08"]
[SourceQuality "1"]

1. e4 e6 2. d4 b6 3. Bd3 Bb7 4. Nf3 c5 5. d5 exd5 6. exd5 Bxd5 7. Bxh7 Qe7+ 8. Be3 Nf6 9. Bf5 g6 10. Bh3 Nc6 11. Nc3 Be6 12. Bxe6 fxe6 13. Qd3 0-0-0 14. Qa6+ Kb8 15. Nb5 d6 16. a3 Bh6 17. Bxh6 Rxh6 18. Qa4 e5 19. 0-0-0 1/2-1/2

[Event "Hong Kong-ch prel"]
[Site "Hong Kong"]
[Date "2015.02.02"]
[Round "5"]
[White "Lai, Robin"]
[Black "Ng, Chung Lok Andrew"]
[Result "1/2-1/2"]
[WhiteElo "1908"]
[BlackElo "1644"]
[PlyCount "98"]
[EventDate "2015.01.05"]
[EventType "swiss"]
[EventRounds "9"]
[EventCountry "HKG"]
[SourceTitle "EXT 2016"]
[Source "ChessBase"]
[SourceDate "2015.10.08"]
[SourceVersion "1"]
[SourceVersionDate "2015.10.08"]
[SourceQuality "1"]

1. c4 Nf6 2. Nc3 e5 3. g3 Nc6 4. Bg2 Bb4 5. Ne4 Nxe4 6. Bxe4 f5 7. Bg2 Bc5 8. a3 a5 9. e3 0-0 10. Ne2 Qf6 11. 0-0 d6 12. d4 exd4 13. Bxc6 bxc6 14. exd4 Bb6 15. Be3 Ba6 16. Qc2 Rab8 17. Rab1 Rfe8 18. Rfe1 c5 19. d5 Re4 20. b3 a4 21. Nc3 axb3 22. Nxe4 bxc2 23. Nxf6+ gxf6 24. Rb2 Bxc4 25. Rxc2 Bxd5 26. Bh6 Kf7 27. Rce2 Kg6 28. Bd2 Be4 29. h4 Ra8 30. g4 Rxa3 31. h5+ Kf7 32. gxf5 d5 33. Rxe4 dxe4 34. Rxe4 Rh3 35. h6 Rh5 36. Rg4 Rxf5 37. Rg7+ Ke6 38. Rxh7 c4 39. Bb4 Bxf2+ 40. Kg2 Bb6 41. Re7+ Kd5 42. h7 Rh5 43. Bc3 Bc5 44. Rf7 Ke6 45. Rxf6+ Ke7 46. Rc6 Kd7 47. Rxc5 Rxh7 48. Rxc4 Kd6 49. Kf3 c5 1/2-1/2

[Event "Hong Kong-ch prel"]
[Site "Hong Kong"]
[Date "2015.01.19"]
[Round "3"]
[White "Lai, Robin"]
[Black "Kwong, Wing Ki"]
[Result "1-0"]
[WhiteElo "1908"]
[BlackElo "1544"]
[PlyCount "133"]
[EventDate "2015.01.05"]
[EventType "swiss"]
[EventRounds "9"]
[EventCountry "HKG"]
[SourceTitle "EXT 2016"]
[Source "ChessBase"]
[SourceDate "2015.10.08"]
[SourceVersion "1"]
[SourceVersionDate "2015.10.08"]
[SourceQuality "1"]

1. d4 d5 2. Nf3 Nf6 3. Bf4 e6 4. e3 c5 5. c3 Nc6 6. Be2 Qb6 7. Qc2 cxd4 8. exd4 Bd7 9. 0-0 Nh5 10. Be3 Bd6 11. a3 Nf4 12. c4 Nxe2+ 13. Qxe2 dxc4 14. d5 Qb3 15. dxc6 Bxc6 16. Nd4 Qd3 17. Qxd3 cxd3 18. Nxc6 bxc6 19. Rd1 0-0-0 20. Nd2 f5 21. Bxa7 Kb7 22. Be3 f4 23. Bd4 e5 24. Bc3 Rhe8 25. Ne4 Bc7 26. Nc5+ Kb6 27. Nxd3 g5 28. Rac1 h5 29. Nb4 Bd6 30. Nxc6 Kxc6 31. Bb4+ Kb5 32. Bxd6 Re6 33. Rd5+ Ka4 34. Rcd1 e4 35. Bb4 Rc8 36. Bc3 e3 37. fxe3 fxe3 38. Re1 Rce8 39. Rxg5 Kb3 40. Re2 Kc4 41. Kf1 Re4 42. Rxh5 Rf4+ 43. Kg1 Ref8 44. h3 Kd3 45. Re1 e2 46. Rd5+ Kc4 47. Rd4+ Rxd4 48. Bxd4 Kxd4 49. Rxe2 Kd3 50. Rf2 Re8 51. Kh2 Re4 52. Rf3+ Kd4 53. Kg3 Ke5 54. h4 Re1 55. b4 Kd5 56. a4 Re4 57. Rf4 Re3+ 58. Kg4 Re2 59. g3 Re7 60. h5 Rg7+ 61. Kh4 Rh7 62. g4 Ke5 63. Rf5+ Ke6 64. a5 Kd6 65. b5 Kc7 66. Rf6 Kb7 67. h6 1-0

[Event "Hong Kong op"]
[Site "Hong Kong"]
[Date "2014.10.04"]
[Round "7"]
[White "Mahajan, Ritesh"]
[Black "Lai, Robin"]
[Result "0-1"]
[WhiteElo "1631"]
[BlackElo "1926"]
[PlyCount "106"]
[EventDate "2014.10.01"]
[EventType "swiss"]
[EventRounds "9"]
[EventCountry "HKG"]
[SourceTitle "CBM 162 Extra"]
[Source "ChessBase"]
[SourceDate "2014.10.17"]
[SourceVersion "1"]
[SourceVersionDate "2014.10.17"]
[SourceQuality "1"]

1. d4 Nf6 2. e3 g6 3. f4 Bg7 4. Nf3 d6 5. Bc4 0-0 6. 0-0 Nc6 7. Nbd2 Na5 8. Bd3 c5 9. c3 Nc6 10. Ne4 Nxe4 11. Bxe4 d5 12. Bc2 c4 13. Bd2 f6 14. e4 e5 15. fxe5 fxe5 16. Nxe5 Rxf1+ 17. Qxf1 Nxe5 18. dxe5 Bxe5 19. Bh6 Be6 20. Qf2 d4 21. cxd4 Qxd4 22. Qxd4 Bxd4+ 23. Kf1 Bxb2 24. Rd1 Be5 25. g3 b5 26. Rd2 c3 27. Rd5 Bxd5 28. exd5 Rd8 29. Ke2 Kf7 30. Bb3 Bd6 31. Kd3 Rc8 32. Be3 a5 33. a4 b4 34. Bb6 Ra8 35. Bc4 Ke7 36. Bb5 h5 37. Kc2 g5 38. Be3 Kf6 39. Bc6 Rc8 40. Bd4+ Ke7 41. Be3 g4 42. Bg5+ Kf7 43. Kd3 Rb8 44. Be3 b3 45. Bb5 Rxb5 46. axb5 b2 47. Kc2 Ke7 48. Bd4 Bb4 49. Be5 a4 50. b6 a3 51. Kb1 Bd6 52. Bxc3 Kd7 53. Kc2 Kc8 0-1

[Event "Hong Kong-ch"]
[Site "Hong Kong"]
[Date "2014.04.28"]
[Round "10"]
[White "Lai, Robin"]
[Black "Masters, Christopher"]
[Result "0-1"]
[WhiteElo "1948"]
[BlackElo "1773"]
[PlyCount "99"]
[EventDate "2014.03.17"]
[EventType "tourn"]
[EventRounds "11"]
[EventCountry "HKG"]
[SourceTitle "EXT 2018"]
[Source "ChessBase"]
[SourceDate "2017.10.13"]
[SourceVersion "1"]
[SourceVersionDate "2017.10.13"]
[SourceQuality "1"]

1. d4 Nf6 2. Bf4 g6 3. Nf3 Bg7 4. e3 d6 5. h3 0-0 6. Be2 Re8 7. 0-0 Nbd7 8. Bh2 c5 9. c3 Qb6 10. Qc2 e5 11. Nbd2 Qc7 12. Rac1 h6 13. Bc4 Nb6 14. dxe5 dxe5 15. Rcd1 Nh7 16. a4 Bd7 17. a5 Nxc4 18. Nxc4 Bc6 19. e4 Re7 20. Rfe1 Bb5 21. Ne3 Ree8 22. Nd5 Qc8 23. c4 Bc6 24. Qc3 f6 25. Nh4 Nf8 26. Qg3 Kh7 27. Qf3 Re6 28. Qe3 Be8 29. Re2 Qc6 30. Nc3 Rc8 31. Red2 Qa6 32. Nb5 Bxb5 33. cxb5 Qxa5 34. Qe2 Rb6 35. Rd6 Qxb5 36. Qg4 Rxd6 37. Rxd6 Qxb2 38. Bg3 Re8 39. Kh2 c4 40. Rd7 Qb6 41. Rf7 Qc6 42. Nf5 Ne6 43. Nxh6 Rf8 44. Re7 Nf4 45. Nf5 Nh5 46. Nh4 f5 47. exf5 Qf6 48. fxg6+ Kh6 49. Rxe5 Nxg3 50. Rd5 0-1

[Event "Hong Kong-ch"]
[Site "Hong Kong"]
[Date "2014.04.17"]
[Round "8"]
[White "Lai, Robin"]
[Black "Wong, Brian"]
[Result "1-0"]
[WhiteElo "1948"]
[BlackElo "1888"]
[PlyCount "65"]
[EventDate "2014.03.17"]
[EventType "tourn"]
[EventRounds "11"]
[EventCountry "HKG"]
[SourceTitle "EXT 2018"]
[Source "ChessBase"]
[SourceDate "2017.10.13"]
[SourceVersion "1"]
[SourceVersionDate "2017.10.13"]
[SourceQuality "1"]

1. d4 f5 2. Bg5 Nf6 3. Nc3 e6 4. e4 fxe4 5. Nxe4 Be7 6. Nxf6+ Bxf6 7. Qh5+ g6 8. Qh6 d5 9. Bxf6 Qxf6 10. Nf3 Nc6 11. Bb5 Bd7 12. Bxc6 Bxc6 13. 0-0 0-0-0 14. Rfe1 Rdf8 15. Re5 Bd7 16. Rae1 Qf4 17. Qxf4 Rxf4 18. c3 h6 19. R5e2 g5 20. Ne5 Re8 21. Re3 h5 22. Rh3 h4 23. g3 hxg3 24. hxg3 Rf6 25. Rh7 Bb5 26. Rg7 Ref8 27. Nf3 Rxf3 28. Rxg5 Rd3 29. Rxe6 Rd1+ 30. Kh2 Rd2 31. Reg6 Rh8+ 32. Kg2 Bf1+ 33. Kxf1 1-0